000 00537nam a22001937a 4500
005 20251108165952.0
008 250721s1986 xx 000 0 ara d
082 1 4 _aق/شيل
100 1 _aشيلدون، سيدني
245 1 0 _aلو جاء الغد /
246 1 1 _aIf Tomorrow Comes
264 1 _aالقاهرة :
_bدار الهلال،
_c1986.
300 _a202ص
650 1 7 _aالأدب المترجم
650 1 7 _aالروايات
700 1 _aمسعود، محمود
_eترجمة
942 _2ddc
_cBK
999 _c36207
_d36207